000 00314nam a22001337a 4500
008 170328b xxu||||| |||| 00| 0 eng d
020 _a9780071446365
041 _aeng
080 _23 ED
_a796.3
100 _a8
101 _aSHM
245 _aPERPARTICIPATION PHYSICAL EVALUATION
_cNATHESON.G.O
942 _2udc
_cBK
999 _c8795
_d8795